| 000 | 00399nam a22001337a 4500 | ||
|---|---|---|---|
| 020 | _a9780470889084 | ||
| 082 | _a620.0011 KAR | ||
| 100 |
_aKarnopp, Dean C , Margolis, Donald L , Rosenberg, Ronald C _960963 |
||
| 245 | _aSystem dynamics , modeling, simulation, and control of mechatronic system | ||
| 250 | _a5TH | ||
| 260 |
_aUSA _bJOHN WILEY & SONS _c2012 |
||
| 300 | _aXII, 636P | ||
| 942 | _cBK | ||
| 999 |
_c576602 _d576602 |
||